| 000 | 00853 a2200217 4500 | ||
|---|---|---|---|
| 001 | 55352 | ||
| 005 | 20260407155827.0 | ||
| 008 | 260407a1976 arg spa d | ||
| 003 | AR-UNSa-BCEJYS | ||
| 040 |
_aAR-UNSa-BCEJYS _bspa _cAR-UNSa-BCEJYS |
||
| 080 |
_a330.35 _xCrecimiento económico |
||
| 245 | 1 | 0 |
_aLa teoría del crecimiento _puna exposición |
| 020 | _a84-375-0064-8 | ||
| 264 | 1 |
_aMéxico : _bFondo de Cultura Económica _c1976 |
|
| 300 |
_a116 p. _c21 cm. |
||
| 505 | _a1. Características de los estados estables - 2. Razón Capital/Producto variable - 3. Un modelo sin sustitución directa - 4. Un modelo con dos activos - 5. La política económica en un modelo de crecimiento - 6. Algunos aspectos de política económica | ||
| 041 | _aspa | ||
| 942 | _cBK | ||
| 590 | _aniveau_biblio:m niveau_hierar:0 | ||
| 100 | 1 | _aSolow, Robert M. | |
| 999 |
_c5914 _d5914 |
||